UM Logo

Science, technology, and society / (Record no. 24087)

MARC details
000 -LEADER
fixed length control field 00962nam a22002537a 4500
005 - DATE AND TIME OF LATEST TRANSACTION
control field 20251030102030.0
008 - FIXED-LENGTH DATA ELEMENTS--GENERAL INFORMATION
fixed length control field 251021b |||||||| |||| 00| 0 eng d
020 ## - INTERNATIONAL STANDARD BOOK NUMBER
International Standard Book Number 9786214093137
082 ## - DEWEY DECIMAL CLASSIFICATION NUMBER
Classification number DFil 303.483 Ab13 2025
100 ## - MAIN ENTRY--PERSONAL NAME
Personal name Abad, Micah D.
9 (RLIN) 68935
245 ## - TITLE STATEMENT
Title Science, technology, and society /
Statement of responsibility, etc. Micah D. Abad and [seven others].
260 ## - PUBLICATION, DISTRIBUTION, ETC. (IMPRINT)
Place of publication, distribution, etc. Quezon City :
Name of publisher, distributor, etc. Books ATBP Publishing Corp,
Date of publication, distribution, etc. ©2025.
300 ## - PHYSICAL DESCRIPTION
Extent x, 210 pages :
Other physical details illustrations ;
Dimensions 27 cm.
500 ## - GENERAL NOTE
General note Includes references.
650 #0 - SUBJECT ADDED ENTRY--TOPICAL TERM
Topical term or geographic name as entry element Science
General subdivision Social aspects. Science.
9 (RLIN) 69056
700 ## - ADDED ENTRY--PERSONAL NAME
Personal name Arpia, Christine C.
9 (RLIN) 68936
Relator term author.
700 ## - ADDED ENTRY--PERSONAL NAME
Personal name Gonzales, Flordeliza U.
9 (RLIN) 68937
Relator term author.
700 ## - ADDED ENTRY--PERSONAL NAME
Personal name Guinhin, Christopher Kevin M.
9 (RLIN) 68938
Relator term author.
700 ## - ADDED ENTRY--PERSONAL NAME
Personal name Ilagan, Sheila Marie B.
9 (RLIN) 68939
Relator term author.
700 ## - ADDED ENTRY--PERSONAL NAME
Personal name Lorilla, Adela C. Avena.
9 (RLIN) 68940
Relator term author.
700 ## - ADDED ENTRY--PERSONAL NAME
Personal name Marquez, Ramil M.
9 (RLIN) 68941
Relator term author.
700 ## - ADDED ENTRY--PERSONAL NAME
Personal name Ramirez, Mary Rose B.
9 (RLIN) 68942
Relator term author.
942 ## - ADDED ENTRY ELEMENTS (KOHA)
Source of classification or shelving scheme Dewey Decimal Classification
Koha item type Filipiniana
Holdings
Withdrawn status Lost status Source of classification or shelving scheme Damaged status Not for loan Collection code Home library Current library Date acquired Source of acquisition Cost, normal purchase price Total Checkouts Full call number Barcode Date last seen Copy number Price effective from Koha item type
    Dewey Decimal Classification     Filipiniana UM Digos College - LIC UM Digos College - LIC 08/11/2025 Purchased 1720.00   DFil 303.483 Ab13 2025 29089 10/21/2025 3 10/21/2025 Filipiniana
    Dewey Decimal Classification     Filipiniana UM Digos College - LIC UM Digos College - LIC 08/11/2025 Purchased 1720.00   DFil 303.483 Ab13 2025 29088 10/21/2025 2 10/21/2025 Filipiniana
    Dewey Decimal Classification     Filipiniana UM Digos College - LIC UM Digos College - LIC 08/11/2025 Purchased 1720.00   DFil 303.483 Ab13 2025 29087 10/21/2025 1 10/21/2025 Filipiniana